000
00240nam a2200097Ia 4500
008
190216s9999||||xx |||||||||||||| ||und||
100
_a
Prabakar
245
0
_a
Hindi- Ajai Ka Katha Sahithya
260
_b
National Publishing House
942
_c
BK
999
_c
15364
_d
15364